Statistics for Famous Athlete's Hometown Countries

Click here to take the quiz!

General Stats

  • This quiz has been taken 34 times
  • The average score is 11 of 15

Answer Stats

NameAnswer% Correct
NeymarBrazil
100%
Michael JordanUnited States
100%
Lebron JamesUnited States
100%
Tom BradyUnited States
100%
Lionel MessiArgentina
96%
Cristiano RonaldoPortugal
96%
Rafael NadalSpain
96%
Giannis AntetokounmpoGreece
93%
Usain BoltJamaica
89%
Roger FedererSwitzerland
79%
Albert PujolsDominican Republic
50%
Enes KanterTurkey
46%
Joel EmbiidCameroon
43%
Javier BáezPuerto Rico
29%
Hines WardSouth Korea
18%

Score Distribution

Percentile by Number Answered

Percent of People with Each Score

Your Score History

You have not taken this quiz